000 02358nam0a2200433 4500
001 RU\NLR\BIBL_A\012061343
005 20260405071908.0
010 _a9785988624813
_91000
021 _aRU
_b2019-47986
_9КН-П-3492
035 _a(RuMoRGB)010026009
035 _a(NLR Aleph) 012061343
090 _a11706376
_c11706376
100 _a20190722d2020 y0rusy50 ca
101 0 _arus
_aeng
102 _aRU
105 _aach|zzzz0||zy
200 1 _aКнига рекордов мира
_dWorld records book
_iГиревой триатлон
_eэкстрим
_eвпервые в мире
_e[сборник]
_fАнатолий Ежов
210 _aМосква
_cГрифон
_d2020, [т.е. 2019]
215 _a263 с., [2] л. цв. портр.
_cцв. ил., портр., факс.
_d30
300 _aАвт. также на англ. яз.: Anatoly Ezhov
300 _aНа 6-й с. авт.: акад., д.э.н., проф. и др. Ежов А.Н.
300 _aФактическая дата выхода в свет - 2019
300 _aТекст парал. рус., англ.
327 1 _aНа тит. л. содерж.: В пустыне Синая с гирей: по библейским местам; В святых местах Беларуси с гирей; У мощей Святого Николая Чудотворца с гирей
333 _a16+
510 1 _6z44790
_aWorld records book
_zeng
600 1 _aЕжов
_bА. Н.
_f1946
_gАнатолий Николаевич
_jВоспоминания, записки и т.п
_92534359
_3RU\NLR\AUTH\661500960
606 _aПаломничества
_91473804
_3RU\NLR\AUTH\66626302
606 _aГиревой триатлон
_92291450
_3RU\NLR\AUTH\6601599753
686 1 _aЧ517.125
686 1 _aЧ517.125.3(2Р)7-8Ежов
686 2 _aЭ372.24-576
700 1 _8rus
_7ca
_aЕжов
_bА. Н.
_f1946-
_gАнатолий Николаевич
_3RU\NLR\AUTH\7718468
_91545
790 1 _8rus
_7ba
_aEžov
_bA. N.
_f1946-
_gAnatolij Nikolaevič
_3RU\NLR\AUTH\7718469
_91546
942 _cBOOK
980 _aNBR